<?xml version="1.0" encoding="UTF-8"?>
<record
    xmlns:xsi="http://www.w3.org/2001/XMLSchema-instance"
    xsi:schemaLocation="http://www.loc.gov/MARC21/slim http://www.loc.gov/standards/marcxml/schema/MARC21slim.xsd"
    xmlns="http://www.loc.gov/MARC21/slim">

  <leader>01343nam a2200289 a 4500</leader>
  <controlfield tag="001">BRCA_4914</controlfield>
  <controlfield tag="005">20190320204845.0</controlfield>
  <controlfield tag="008">201010s1814----mx-#######---#000-0#spa-#</controlfield>
  <datafield tag="041" ind1=" " ind2=" ">
    <subfield code="a">spa</subfield>
  </datafield>
  <datafield tag="044" ind1=" " ind2=" ">
    <subfield code="a">mx</subfield>
  </datafield>
  <datafield tag="084" ind1=" " ind2=" ">
    <subfield code="a">DOC8</subfield>
    <subfield code="b">.M67</subfield>
    <subfield code="c">1814</subfield>
  </datafield>
  <datafield tag="100" ind1="1" ind2=" ">
    <subfield code="a">Morelos y Pav&#xF3;n, Jos&#xE9; Mar&#xED;a</subfield>
    <subfield code="d">1765-1815</subfield>
    <subfield code="9">7961</subfield>
  </datafield>
  <datafield tag="245" ind1="1" ind2="0">
    <subfield code="a">Documento firmado por Don Jos&#xE9; Mar&#xED;a Morelos y Pav&#xF3;n.</subfield>
    <subfield code="c">Jos&#xE9; Mar&#xED;a Morelos y Pav&#xF3;n ; Mariano Villegas.</subfield>
  </datafield>
  <datafield tag="260" ind1=" " ind2=" ">
    <subfield code="a">Petatl&#xE1;n, Gro., M&#xE9;xico</subfield>
    <subfield code="c">1814</subfield>
  </datafield>
  <datafield tag="300" ind1=" " ind2=" ">
    <subfield code="a">[2] fojas</subfield>
    <subfield code="c">21 x 15 cm.</subfield>
  </datafield>
  <datafield tag="500" ind1=" " ind2=" ">
    <subfield code="a">Documento firmado el 18 de abril de 1814</subfield>
  </datafield>
  <datafield tag="500" ind1=" " ind2=" ">
    <subfield code="a">Documento que contiene una orden de Don Jos&#xE9; Mar&#xED;a Morelos y Pav&#xF3;n, fechada en Patatl&#xE1;n (Guerrero) y dirigida a Don Mariano Villegas, para que este la remita a Zacatula.</subfield>
  </datafield>
  <datafield tag="500" ind1=" " ind2=" ">
    <subfield code="a">El documento contiene la leyenda DOC. #17</subfield>
  </datafield>
  <datafield tag="500" ind1=" " ind2=" ">
    <subfield code="a">Estado de conservaci&#xF3;n: contiene laguna en el margen izquierdo y anotaci&#xF3;n con tinta roja en la parte superior.</subfield>
  </datafield>
  <datafield tag="506" ind1="0" ind2=" ">
    <subfield code="a">Fondo Reservado. Para su consulta es necesario credencial de usuario y carta de motivos.</subfield>
  </datafield>
  <datafield tag="546" ind1=" " ind2=" ">
    <subfield code="a">Texto en: espa&#xF1;ol de principios del siglo XIX.</subfield>
  </datafield>
  <datafield tag="600" ind1="1" ind2="4">
    <subfield code="a">Morelos y Pav&#xF3;n, Jos&#xE9; Mar&#xED;a</subfield>
    <subfield code="d">1765-1815</subfield>
    <subfield code="x">Historia</subfield>
    <subfield code="9">12444</subfield>
  </datafield>
  <datafield tag="651" ind1=" " ind2="4">
    <subfield code="a">M&#xE9;xico</subfield>
    <subfield code="x">Historia</subfield>
    <subfield code="y">Guerra de Independencia, 1810-1821</subfield>
    <subfield code="9">12445</subfield>
  </datafield>
  <datafield tag="700" ind1="1" ind2=" ">
    <subfield code="a">Villegas, Mariano</subfield>
    <subfield code="9">12446</subfield>
  </datafield>
  <datafield tag="902" ind1=" " ind2=" ">
    <subfield code="a">FDH</subfield>
  </datafield>
  <datafield tag="942" ind1=" " ind2=" ">
    <subfield code="2">lcc</subfield>
    <subfield code="c">D</subfield>
  </datafield>
  <datafield tag="999" ind1=" " ind2=" ">
    <subfield code="c">4608</subfield>
    <subfield code="d">4608</subfield>
  </datafield>
  <datafield tag="952" ind1=" " ind2=" ">
    <subfield code="0">0</subfield>
    <subfield code="1">0</subfield>
    <subfield code="4">0</subfield>
    <subfield code="7">0</subfield>
    <subfield code="a">BRCA</subfield>
    <subfield code="b">BRCA</subfield>
    <subfield code="d">2010-10-20</subfield>
    <subfield code="l">0</subfield>
    <subfield code="o">DOC8 .M67 1814</subfield>
    <subfield code="p">4975</subfield>
    <subfield code="r">2019-03-22 00:00:00</subfield>
    <subfield code="w">2019-03-22</subfield>
    <subfield code="y">D</subfield>
  </datafield>
</record>
